Provinces of Belgium with a Map - Statistics

General Stats
  • This quiz has been taken 2 times
  • The average score is 6 of 11
Answers on the Map
Answers color-coded by a green-red scale on the quiz's map according to % correct below.
 
Answer Stats
Provinces % Correct
Waals Gewest Liège
100%
Vlaams Gewest Limburg
100%
Waals Gewest Namur
100%
Vlaams Gewest East Flanders
50%
Vlaams Gewest Flemish Brabant
50%
Waals Gewest Hainaut
50%
Waals Gewest Luxemburg
50%
Waals Gewest Walloon Brabant
50%
Vlaams Gewest West Flanders
50%
Vlaams Gewest Antwepr
0%
Hoofdstedelijk Gewest Brussles
0%
No matching quizzes found
Score Distribution
Percent of People with Each Score
Percentile by Number Answered
Your Score History
You have not taken this quiz